|
|
|
|
| LEADER |
00000nam a2200000 a 4500 |
| 001 |
vtls001352005 |
| 003 |
SK-MaSNL |
| 005 |
20260425234728.0 |
| 008 |
240318s1984 xx o 01100 und |
| 035 |
|
|
|a SNK000305378
|
| 040 |
|
|
|a SNK
|b slo
|c SNK
|e AACR2
|
| 041 |
1 |
|
|a slo
|b eng
|b ger
|b rus
|
| 044 |
|
|
|a xo
|c SK
|
| 072 |
|
7 |
|a 7.01/.09
|x Umenie
|2 konspekt
|
| 080 |
|
|
|a 7.033(437.6)
|2 2001
|
| 080 |
|
|
|a 7.033.5(437.6)
|2 2001
|
| 080 |
|
|
|a (048.8)
|2 2001
|
| 100 |
1 |
|
|a Bakoš, Ján,
|d 1943-2025
|4 aut
|9 108188
|
| 245 |
1 |
0 |
|a Dejiny a koncepcie stredovekého umenia na Slovensku
|b explikácia na gotickom nástennom maliarstve
|c Ján Bakoš ; [preklad resumé do angličtiny Oľga Horská ; preklad resumé do nemčiny Helene Katriňáková ; preklad resumé do ruštiny Michal Čabala]
|
| 250 |
|
|
|a 1. vyd.
|
| 260 |
|
|
|a Bratislava
|b Tatran
|c 1984
|
| 300 |
|
|
|a 372 s.
|b lit., pozn., res., reg.
|c 20 cm
|e viaz. fotogr. príl.
|
| 500 |
|
|
|a Viazaná
|
| 504 |
|
|
|a Obsahuje odkazy a registre
|
| 546 |
|
|
|a Resumé anglicky, nemecky a rusky
|
| 650 |
0 |
7 |
|a stredoveké umenie
|2 SNKPH
|9 2869
|
| 650 |
0 |
7 |
|a gotické umenie
|2 SNKPH
|9 1065
|
| 650 |
0 |
7 |
|a Medieval art
|2 SNKPHeng
|9 349921
|
| 650 |
0 |
7 |
|a Gothic art
|2 SNKPHeng
|9 316295
|
| 651 |
|
7 |
|a Slovensko
|2 SNKPH
|9 14231
|
| 651 |
|
7 |
|a Slovakia
|2 SNKPHeng
|9 92630
|
| 655 |
|
7 |
|a monografie
|2 SNKPH
|9 70139
|
| 655 |
|
7 |
|a Monographs
|2 SNKPHeng
|9 120675
|
| 700 |
1 |
|
|a Hadrabová-Horská, Oľga,
|d 1935-
|4 trl
|9 115526
|
| 700 |
1 |
|
|a Katriňáková, Helene
|4 trl
|9 60601
|
| 700 |
1 |
|
|a Čabala, Michal,
|d 1932-2003
|4 trl
|9 5532
|
| 852 |
|
|
|a Akadémia umení v Banskej Bystrici
|
| 958 |
|
|
|a SV
|
| 958 |
|
|
|a OND
|
| 999 |
|
|
|c 806439
|d 808369
|
| 952 |
|
|
|t P60, <03>, [BOOK], {603}
|a SNK
|b SNK
|y PREZ
|7 0
|p 17A0176683
|o snkSC 61903
|0 0
|1 0
|4 0
|d 1999-01-08
|l 0
|r 2025-06-17 00:00:00
|w 2026-02-24
|